Types of Tree - Statistics

General Stats
  • This quiz has been taken 7 times
  • The average score is 4 of 15
Answer Stats
Just guess Answer % Correct
- Oak
100%
- Pine
83%
- Apple
67%
- Lemon
50%
- Cherry
33%
- Chestnut
33%
- Ash
17%
- Fir
17%
- Paper Birch
17%
- Silver Birch
17%
- Brazil Nut
0%
- Giant Sequoia
0%
- Lime
0%
- Papaya
0%
- Weeping willow
0%
No matching quizzes found
Score Distribution
Percent of People with Each Score
Percentile by Number Answered
Your Score History
You have not taken this quiz